| 000 | 00558nam a22001337a 4500 | ||
|---|---|---|---|
| 020 | _a978-0-00-74606-1 | ||
| 082 | _a823 | ||
| 245 |
_aA DANCE WITH DRAGONS _bDREAMS AND DUST |
||
| 260 |
_aLONDON _bHARPER COLLINS PUBLISHERS _c2011 |
||
| 300 | _a690 | ||
| 520 | _aA Dance with Dragons continues the stories of people vying for control over Westeros and Daenerys Targaryen's efforts to be the queen of Meereen, a city on Slaver's Bay, which is located in Essos, the eastern continent located across the Narrow Sea from Westeros. | ||
| 650 | _aSTORY | ||
| 942 | _cBK | ||
| 999 |
_c7012 _d7012 |
||